Liedtext - Freiheit - Marius Müller Westernagen - Statistiken

Allgemein
  • Dieses Quiz wurde 386 mal gespielt
  • Das Durchschnittsergebnis liegt bei 71 aus 88
Antwortstatistiken
Textquiz % Korrekt
Freiheit
99%
Freiheit
99%
Freiheit
99%
Freiheit
99%
Freiheit
99%
Freiheit
99%
Freiheit
99%
Freiheit
99%
Freiheit
99%
Freiheit
99%
Freiheit
99%
Freiheit
99%
Freiheit
99%
da
97%
Die
96%
Die
96%
die
96%
die
96%
die
96%
die
96%
die
96%
Ist
95%
Ist
95%
ist
95%
ist
95%
Ist
95%
Ist
95%
das
92%
das
92%
Einzige
91%
Einzige
91%
Einzige
91%
Einzige
91%
was
91%
was
91%
was
91%
der
89%
Der
89%
Der
89%
Und
87%
Und
87%
Und
87%
Und
87%
zählt
87%
zählt
87%
auch
83%
auch
83%
sind
81%
es
80%
schon
80%
fehlt
79%
fehlt
79%
nicht
79%
nicht
79%
war
79%
gemacht
75%
wurde
74%
Wurde
74%
viel
73%
Papst
72%
gelacht
71%
Verträge
71%
versäumen
70%
von
70%
Alle
69%
auf
69%
Sollen
69%
träumen
68%
zum
68%
Dessert
66%
Feiern
64%
Süßes
64%
mein
63%
wieder
63%
tanzen
61%
Nachbar
60%
vorneweg
60%
Mensch
59%
Mensch
59%
Gräbern
58%
leider
57%
leider
57%
rum–ta–ta
57%
Kapelle
56%
naiv
55%
primitiv
54%
abbestellt
48%
Sollten's
33%
Keine übereinstimmenden Quizze gefunden
Verteilung der Resultate
Anzahl Personen mit jedem Resultat
Perzentil nach korrekt beantworteten Fragen
Ihre Resultats-Entwicklung
Sie haben dieses Quiz noch nicht gespielt